00342nam a2200133Ia 4500008004100000041000800041082001500049100001300064245004500077250001400122260004800136300001300184365001100197240624s9999 xx 000 0 und d aeng a346.07 JAI aJAIN D K aLAW AND PROCEDURE OF LIMITED LIABILITY P a(2nd ed.) c2009aNew DelhibBharat Law House Pvt. Ltd. a756 : p. cRSb15